[Event "April 9 Early 2024"]
[Site "Chess.com"]
[Date "2024.04.09"]
[Round "2"]
[White "Srivatsan Karthikeyan"]
[Black "Santos Flores, Alberto"]
[Result "0-1"]
[Board "241"]
[WhiteFideId "25684248"]
[BlackFideId "3601234"]
[WhiteTitle "CM"]
[BlackTitle "IM"]
[WhiteElo "2264"]
[BlackElo "2519"]
[WhiteTeam "IND"]
[BlackTeam "ECU"]
[WhiteClock "0:00:14"]
[BlackClock "0:00:20"]
[Variant "Standard"]

1. e4 {[%clk 0:03:00]}  e6 {[%clk 0:02:59]} 2. d4 {[%clk 0:03:00]}  d5 {[%clk 0:02:59]} 3. exd5 {[%clk 0:03:01]}  exd5 {[%clk 0:02:58]} 4. Bd3 {[%clk 0:03:01]}  Nc6 {[%clk 0:02:58]} 5. c3 {[%clk 0:03:01]}  Bd6 {[%clk 0:02:57]} 6. Ne2 {[%clk 0:03:01]}  Qh4 {[%clk 0:02:57]} 7. g3 {[%clk 0:02:59]}  Qh3 {[%clk 0:02:55]} 8. Nf4 {[%clk 0:02:56]}  Bxf4 {[%clk 0:02:55]} 9. Bxf4 {[%clk 0:02:55]}  Nf6 {[%clk 0:02:52]} 10. Bf1 {[%clk 0:02:54]}  Qe6+ {[%clk 0:02:41]} 11. Qe2 {[%clk 0:02:53]}  Kd8 {[%clk 0:02:17]} 12. Qxe6 {[%clk 0:02:46]}  Bxe6 {[%clk 0:02:16]} 13. Nd2 {[%clk 0:02:46]}  h6 {[%clk 0:02:09]} 14. Bg2 {[%clk 0:02:46]}  g5 {[%clk 0:02:07]} 15. Be5 {[%clk 0:02:43]}  Nxe5 {[%clk 0:02:07]} 16. dxe5 {[%clk 0:02:44]}  Nd7 {[%clk 0:02:07]} 17. f4 {[%clk 0:02:34]}  gxf4 {[%clk 0:02:08]} 18. gxf4 {[%clk 0:02:34]}  Rg8 {[%clk 0:02:06]} 19. Bf3 {[%clk 0:02:32]}  Nb6 {[%clk 0:02:00]} 20. O-O-O {[%clk 0:02:32]}  Ke7 {[%clk 0:01:57]} 21. Nb3 {[%clk 0:02:31]}  Bg4 {[%clk 0:01:54]} 22. Rhf1 {[%clk 0:02:23]}  c6 {[%clk 0:01:51]} 23. Nd4 {[%clk 0:02:20]}  Nc4 {[%clk 0:01:42]} 24. Rde1 {[%clk 0:02:04]}  Bxf3 {[%clk 0:01:36]} 25. Rxf3 {[%clk 0:02:04]}  Rg2 {[%clk 0:01:36]} 26. Re2 {[%clk 0:01:52]}  Rag8 {[%clk 0:01:30]} 27. b3 {[%clk 0:01:49]}  Rxe2 {[%clk 0:01:17]} 28. Nxe2 {[%clk 0:01:47]}  Rg2 {[%clk 0:01:17]} 29. bxc4 {[%clk 0:01:39]}  Rxe2 {[%clk 0:01:16]} 30. cxd5 {[%clk 0:01:36]}  cxd5 {[%clk 0:01:17]} 31. Rh3 {[%clk 0:01:30]}  Rxa2 {[%clk 0:01:14]} 32. Rxh6 {[%clk 0:01:30]}  Rf2 {[%clk 0:01:13]} 33. Rh4 {[%clk 0:01:14]}  a5 {[%clk 0:01:09]} 34. Kb1 {[%clk 0:01:13]}  b5 {[%clk 0:01:08]} 35. h3 {[%clk 0:01:09]}  a4 {[%clk 0:01:07]} 36. Rg4 {[%clk 0:01:08]}  Ke6 {[%clk 0:01:04]} 37. h4 {[%clk 0:00:53]}  Rh2 {[%clk 0:00:47]} 38. h5 {[%clk 0:00:49]}  Rxh5 {[%clk 0:00:46]} 39. Kb2 {[%clk 0:00:49]}  Rh3 {[%clk 0:00:43]} 40. Rg8 {[%clk 0:00:42]}  Rf3 {[%clk 0:00:42]} 41. Re8+ {[%clk 0:00:38]}  Kd7 {[%clk 0:00:28]} 42. Rb8 {[%clk 0:00:34]}  Rxf4 {[%clk 0:00:19]} 43. Rxb5 {[%clk 0:00:33]}  Ke6 {[%clk 0:00:19]} 44. Ka3 {[%clk 0:00:24]}  Kxe5 {[%clk 0:00:19]} 45. Rb7 {[%clk 0:00:21]}  f5 {[%clk 0:00:19]} 46. Re7+ {[%clk 0:00:20]}  Kf6 {[%clk 0:00:19]} 47. Re3 {[%clk 0:00:20]}  Rc4 {[%clk 0:00:19]} 48. Kb2 {[%clk 0:00:19]}  f4 {[%clk 0:00:19]} 49. Re1 {[%clk 0:00:18]}  Kf5 {[%clk 0:00:19]} 50. Re8 {[%clk 0:00:18]}  f3 {[%clk 0:00:19]} 51. Rf8+ {[%clk 0:00:18]}  Ke4 {[%clk 0:00:19]} 52. Re8+ {[%clk 0:00:18]}  Kf4 {[%clk 0:00:20]} 53. Rf8+ {[%clk 0:00:19]}  Ke3 {[%clk 0:00:20]} 54. Re8+ {[%clk 0:00:19]}  Re4 {[%clk 0:00:20]} 55. Rd8 {[%clk 0:00:14]}  f2 {[%clk 0:00:20]} 0-1

[Event "April 9 Early 2024"]
[Site "Chess.com"]
[Date "2024.04.09"]
[Round "2"]
[White "Shubenkova, Veronika"]
[Black "Ram, Jwalanthi"]
[Result "0-1"]
[Board "244"]
[WhiteFideId "44124040"]
[BlackFideId "30981301"]
[WhiteTitle "WCM"]
[BlackTitle "WCM"]
[WhiteElo "2514"]
[BlackElo "2255"]
[WhiteTeam "RUS"]
[BlackTeam "USA"]
[WhiteClock "0:01:59"]
[BlackClock "0:01:00"]
[Variant "Standard"]

1. e4 {[%clk 0:03:00]}  c5 {[%clk 0:02:59]} 2. Nf3 {[%clk 0:02:58]}  Nc6 {[%clk 0:02:59]} 3. d4 {[%clk 0:02:58]}  cxd4 {[%clk 0:02:59]} 4. Nxd4 {[%clk 0:02:59]}  Nf6 {[%clk 0:03:00]} 5. Nc3 {[%clk 0:02:59]}  e5 {[%clk 0:03:00]} 6. Ndb5 {[%clk 0:02:58]}  d6 {[%clk 0:03:00]} 7. Bg5 {[%clk 0:02:54]}  a6 {[%clk 0:03:00]} 8. Na3 {[%clk 0:02:54]}  b5 {[%clk 0:03:00]} 9. Nd5 {[%clk 0:02:55]}  Be7 {[%clk 0:03:01]} 10. Nxe7 {[%clk 0:02:54]}  Qxe7 {[%clk 0:03:00]} 11. Be2 {[%clk 0:02:49]}  O-O {[%clk 0:02:58]} 12. O-O {[%clk 0:02:49]}  Be6 {[%clk 0:02:55]} 13. c3 {[%clk 0:02:49]}  h6 {[%clk 0:02:54]} 14. Bxf6 {[%clk 0:02:47]}  Qxf6 {[%clk 0:02:31]} 15. Qxd6 {[%clk 0:02:46]}  Rac8 {[%clk 0:02:06]} 16. f4 {[%clk 0:02:40]}  Rfd8 {[%clk 0:01:51]} 17. fxe5 {[%clk 0:02:39]}  Qg5 {[%clk 0:01:50]} 18. Qc5 {[%clk 0:02:37]}  Nd4 {[%clk 0:01:38]} 19. Qa7 {[%clk 0:02:27]}  Nxe2+ {[%clk 0:01:37]} 20. Kh1 {[%clk 0:02:27]}  Rd2 {[%clk 0:01:27]} 21. Qxa6 {[%clk 0:02:23]}  Nf4 {[%clk 0:01:10]} 22. Rg1 {[%clk 0:02:09]}  Rxg2 {[%clk 0:01:03]} 23. Nxb5 {[%clk 0:02:04]}  Rxh2+ {[%clk 0:00:59]} 24. Kxh2 {[%clk 0:01:59]}  Qh4# {[%clk 0:01:00]} 0-1

[Event "April 9 Early 2024"]
[Site "Chess.com"]
[Date "2024.04.09"]
[Round "2"]
[White "Saha, Ananda"]
[Black "Schut, Han"]
[Result "0-1"]
[Board "246"]
[WhiteFideId "2619644"]
[BlackFideId "1005561"]
[WhiteTitle "CM"]
[BlackTitle "CM"]
[WhiteElo "2513"]
[BlackElo "2251"]
[WhiteTeam "CAN"]
[BlackTeam "NED"]
[WhiteClock "0:00:16"]
[BlackClock "0:00:49"]
[Variant "Standard"]

1. Nf3 {[%clk 0:03:00]}  Nf6 {[%clk 0:02:57]} 2. g3 {[%clk 0:03:01]}  g6 {[%clk 0:02:57]} 3. b3 {[%clk 0:03:01]}  Bg7 {[%clk 0:02:58]} 4. Bb2 {[%clk 0:03:01]}  O-O {[%clk 0:02:58]} 5. Bg2 {[%clk 0:03:00]}  d5 {[%clk 0:02:59]} 6. c4 {[%clk 0:02:58]}  c5 {[%clk 0:02:58]} 7. cxd5 {[%clk 0:02:57]}  Nxd5 {[%clk 0:02:59]} 8. Bxg7 {[%clk 0:02:54]}  Kxg7 {[%clk 0:03:00]} 9. O-O {[%clk 0:02:54]}  Nc6 {[%clk 0:02:56]} 10. Qc2 {[%clk 0:02:46]}  b6 {[%clk 0:02:56]} 11. Nc3 {[%clk 0:02:46]}  Bb7 {[%clk 0:02:42]} 12. Rac1 {[%clk 0:02:45]}  Nxc3 {[%clk 0:02:35]} 13. Qxc3+ {[%clk 0:02:44]}  f6 {[%clk 0:02:30]} 14. Rfd1 {[%clk 0:02:43]}  e5 {[%clk 0:02:30]} 15. d3 {[%clk 0:02:35]}  Qe7 {[%clk 0:02:29]} 16. Nd2 {[%clk 0:02:34]}  Rac8 {[%clk 0:02:27]} 17. Nc4 {[%clk 0:02:32]}  Nd4 {[%clk 0:02:24]} 18. Qd2 {[%clk 0:02:18]}  Bxg2 {[%clk 0:02:21]} 19. Kxg2 {[%clk 0:02:19]}  Rfd8 {[%clk 0:02:15]} 20. Kg1 {[%clk 0:02:04]}  h5 {[%clk 0:02:13]} 21. Rf1 {[%clk 0:01:56]}  h4 {[%clk 0:02:11]} 22. f4 {[%clk 0:01:54]}  exf4 {[%clk 0:01:53]} 23. Rce1 {[%clk 0:01:26]}  fxg3 {[%clk 0:01:37]} 24. hxg3 {[%clk 0:01:18]}  hxg3 {[%clk 0:01:36]} 25. e4 {[%clk 0:01:11]}  Qe6 {[%clk 0:01:14]} 26. Qg2 {[%clk 0:01:00]}  Qg4 {[%clk 0:01:14]} 27. Re3 {[%clk 0:00:58]}  Rh8 {[%clk 0:01:10]} 28. Rfe1 {[%clk 0:00:23]}  Rh3 {[%clk 0:00:55]} 29. e5 {[%clk 0:00:19]}  f5 {[%clk 0:00:51]} 30. e6 {[%clk 0:00:18]}  Rch8 {[%clk 0:00:51]} 31. e7 {[%clk 0:00:16]}  Rh1+ {[%clk 0:00:49]} 32. Qxh1 {[%clk 0:00:16]}  Rxh1+ {[%clk 0:00:50]} 33. Kxh1 {[%clk 0:00:16]}  Qh3+ {[%clk 0:00:49]} 0-1

[Event "April 9 Early 2024"]
[Site "Chess.com"]
[Date "2024.04.09"]
[Round "2"]
[White "Misailovic, Nebojsa"]
[Black "Rodriguez Lopez, Andres Camilo"]
[Result "1-0"]
[Board "248"]
[WhiteFideId "903175"]
[BlackFideId "4410343"]
[WhiteTitle "IM"]
[BlackTitle "CM"]
[WhiteElo "2510"]
[BlackElo "2250"]
[WhiteTeam "SRB"]
[BlackTeam "COL"]
[WhiteClock "0:01:19"]
[BlackClock "0:01:34"]
[Variant "Standard"]

1. d4 {[%clk 0:03:00]}  Nf6 {[%clk 0:02:56]} 2. Nf3 {[%clk 0:03:00]}  g6 {[%clk 0:02:56]} 3. c4 {[%clk 0:03:00]}  Bg7 {[%clk 0:02:56]} 4. Nc3 {[%clk 0:03:00]}  d6 {[%clk 0:02:57]} 5. e4 {[%clk 0:03:00]}  O-O {[%clk 0:02:57]} 6. Be2 {[%clk 0:03:01]}  c5 {[%clk 0:02:57]} 7. O-O {[%clk 0:03:00]}  cxd4 {[%clk 0:02:56]} 8. Nxd4 {[%clk 0:02:59]}  Nc6 {[%clk 0:02:56]} 9. Be3 {[%clk 0:02:58]}  Nxd4 {[%clk 0:02:56]} 10. Bxd4 {[%clk 0:02:58]}  Be6 {[%clk 0:02:57]} 11. Rc1 {[%clk 0:02:57]}  Qa5 {[%clk 0:02:57]} 12. a3 {[%clk 0:02:38]}  Rfc8 {[%clk 0:02:57]} 13. Nd5 {[%clk 0:02:37]}  Bxd5 {[%clk 0:02:49]} 14. exd5 {[%clk 0:02:36]}  Nd7 {[%clk 0:02:40]} 15. Bxg7 {[%clk 0:02:32]}  Kxg7 {[%clk 0:02:41]} 16. Qd4+ {[%clk 0:02:10]}  Kg8 {[%clk 0:02:40]} 17. Bg4 {[%clk 0:02:09]}  Rc7 {[%clk 0:02:29]} 18. Bxd7 {[%clk 0:02:07]}  Rxd7 {[%clk 0:02:28]} 19. Rc3 {[%clk 0:02:08]}  Qc5 {[%clk 0:02:20]} 20. Qh4 {[%clk 0:01:56]}  e6 {[%clk 0:02:06]} 21. Rh3 {[%clk 0:01:35]}  h5 {[%clk 0:02:03]} 22. b4 {[%clk 0:01:35]}  Qc8 {[%clk 0:02:00]} 23. dxe6 {[%clk 0:01:26]}  fxe6 {[%clk 0:01:59]} 24. Qf6 {[%clk 0:01:26]}  Rg7 {[%clk 0:01:59]} 25. Rg3 {[%clk 0:01:25]}  Qe8 {[%clk 0:01:51]} 26. Re1 {[%clk 0:01:24]}  Qf7 {[%clk 0:01:45]} 27. Rxe6 {[%clk 0:01:20]}  Qxf6 {[%clk 0:01:45]} 28. Rxf6 {[%clk 0:01:21]}  Kh7 {[%clk 0:01:41]} 29. Rxd6 {[%clk 0:01:20]}  Rc8 {[%clk 0:01:41]} 30. c5 {[%clk 0:01:20]}  b6 {[%clk 0:01:42]} 31. Rc3 {[%clk 0:01:20]}  Rgc7 {[%clk 0:01:41]} 32. c6 {[%clk 0:01:19]}  Kg7 {[%clk 0:01:39]} 33. h4 {[%clk 0:01:19]}  Kf7 {[%clk 0:01:40]} 34. b5 {[%clk 0:01:19]}  a6 {[%clk 0:01:39]} 35. a4 {[%clk 0:01:19]}  axb5 {[%clk 0:01:39]} 36. axb5 {[%clk 0:01:20]}  Re8 {[%clk 0:01:38]} 37. Rf3+ {[%clk 0:01:19]}  Kg7 {[%clk 0:01:34]} 38. Rg3 {[%clk 0:01:19]} 1-0

[Event "April 9 Early 2024"]
[Site "Chess.com"]
[Date "2024.04.09"]
[Round "2"]
[White "Sreyas Payyappat"]
[Black "Adam, Ernestina"]
[Result "1-0"]
[Board "251"]
[WhiteFideId "46674969"]
[BlackFideId "165883"]
[WhiteTitle "FM"]
[BlackTitle "WFM"]
[WhiteElo "2508"]
[BlackElo "2237"]
[WhiteTeam "IND"]
[BlackTeam "ARG"]
[WhiteClock "0:01:44"]
[BlackClock "0:00:10"]
[Variant "Standard"]

1. e4 {[%clk 0:03:00]}  c5 {[%clk 0:02:59]} 2. Nf3 {[%clk 0:03:01]}  d6 {[%clk 0:02:59]} 3. d4 {[%clk 0:03:01]}  cxd4 {[%clk 0:03:00]} 4. Nxd4 {[%clk 0:03:02]}  Nf6 {[%clk 0:03:00]} 5. Nc3 {[%clk 0:03:02]}  a6 {[%clk 0:03:01]} 6. h4 {[%clk 0:03:01]}  e5 {[%clk 0:02:59]} 7. Nb3 {[%clk 0:03:01]}  Be6 {[%clk 0:02:56]} 8. f4 {[%clk 0:02:59]}  exf4 {[%clk 0:02:52]} 9. Bxf4 {[%clk 0:02:58]}  Nc6 {[%clk 0:02:53]} 10. Qd2 {[%clk 0:02:56]}  Be7 {[%clk 0:02:51]} 11. O-O-O {[%clk 0:02:55]}  Ne5 {[%clk 0:02:46]} 12. Be2 {[%clk 0:02:51]}  O-O {[%clk 0:02:36]} 13. Qe3 {[%clk 0:02:50]}  Qc7 {[%clk 0:02:30]} 14. h5 {[%clk 0:02:38]}  b5 {[%clk 0:02:25]} 15. g4 {[%clk 0:02:37]}  Nexg4 {[%clk 0:02:16]} 16. Qg3 {[%clk 0:02:36]}  b4 {[%clk 0:02:00]} 17. Nd5 {[%clk 0:02:29]}  Bxd5 {[%clk 0:01:56]} 18. exd5 {[%clk 0:02:30]}  Rac8 {[%clk 0:01:37]} 19. Nd4 {[%clk 0:02:26]}  Ne5 {[%clk 0:01:25]} 20. Rdg1 {[%clk 0:02:09]}  g6 {[%clk 0:01:23]} 21. Qh3 {[%clk 0:02:07]}  Qd7 {[%clk 0:01:01]} 22. hxg6 {[%clk 0:02:04]}  Qxh3 {[%clk 0:00:42]} 23. gxh7+ {[%clk 0:02:01]}  Kh8 {[%clk 0:00:39]} 24. Rxh3 {[%clk 0:02:02]}  Nxd5 {[%clk 0:00:37]} 25. Bh6 {[%clk 0:01:58]}  Bf6 {[%clk 0:00:30]} 26. Bxf8 {[%clk 0:01:54]}  Rxf8 {[%clk 0:00:28]} 27. Rhg3 {[%clk 0:01:54]}  Ng6 {[%clk 0:00:22]} 28. Nf5 {[%clk 0:01:52]}  Kxh7 {[%clk 0:00:18]} 29. Bd3 {[%clk 0:01:48]}  Re8 {[%clk 0:00:06]} 30. Nxd6 {[%clk 0:01:45]}  Re6 {[%clk 0:00:05]} 31. Nxf7 {[%clk 0:01:42]}  Nf4 {[%clk 0:00:02]} 32. Bxg6+ {[%clk 0:01:35]}  Nxg6 {[%clk 0:00:03]} 33. Rxg6 {[%clk 0:01:35]}  Bxb2+ {[%clk 0:00:02]} 34. Kxb2 {[%clk 0:01:33]}  Rxg6 {[%clk 0:00:02]} 35. Rxg6 {[%clk 0:01:34]}  Kxg6 {[%clk 0:00:03]} 36. Ne5+ {[%clk 0:01:34]}  Kf5 {[%clk 0:00:04]} 37. Nc6 {[%clk 0:01:35]}  b3 {[%clk 0:00:03]} 38. axb3 {[%clk 0:01:35]}  Ke6 {[%clk 0:00:03]} 39. c4 {[%clk 0:01:35]}  Kd6 {[%clk 0:00:03]} 40. Nb4 {[%clk 0:01:36]}  a5 {[%clk 0:00:04]} 41. Nd3 {[%clk 0:01:36]}  Kc6 {[%clk 0:00:04]} 42. Ka3 {[%clk 0:01:36]}  Kb6 {[%clk 0:00:05]} 43. Ka4 {[%clk 0:01:37]}  Ka6 {[%clk 0:00:05]} 44. Nc5+ {[%clk 0:01:38]}  Kb6 {[%clk 0:00:06]} 45. Nd7+ {[%clk 0:01:39]}  Kc7 {[%clk 0:00:06]} 46. c5 {[%clk 0:01:39]}  Kxd7 {[%clk 0:00:06]} 47. Kxa5 {[%clk 0:01:40]}  Kc6 {[%clk 0:00:07]} 48. b4 {[%clk 0:01:41]}  Kb7 {[%clk 0:00:07]} 49. Kb5 {[%clk 0:01:41]}  Kb8 {[%clk 0:00:08]} 50. Kb6 {[%clk 0:01:42]}  Ka8 {[%clk 0:00:08]} 51. Kc7 {[%clk 0:01:42]}  Ka7 {[%clk 0:00:09]} 52. b5 {[%clk 0:01:42]}  Ka8 {[%clk 0:00:09]} 53. c6 {[%clk 0:01:42]}  Ka7 {[%clk 0:00:09]} 54. b6+ {[%clk 0:01:42]}  Ka6 {[%clk 0:00:10]} 55. b7 {[%clk 0:01:43]}  Ka5 {[%clk 0:00:10]} 56. b8=Q {[%clk 0:01:44]}  Ka4 {[%clk 0:00:11]} 57. Qb2 {[%clk 0:01:44]}  Ka5 {[%clk 0:00:11]} 58. Qb3 {[%clk 0:01:43]}  Ka6 {[%clk 0:00:10]} 59. Qa4# {[%clk 0:01:44]} 1-0

[Event "April 9 Early 2024"]
[Site "Chess.com"]
[Date "2024.04.09"]
[Round "2"]
[White "Yushko, Olga"]
[Black "Schoorl, Rob"]
[Result "0-1"]
[Board "252"]
[WhiteFideId "14114500"]
[BlackFideId "1009508"]
[WhiteTitle "WFM"]
[BlackTitle "FM"]
[WhiteElo "2236"]
[BlackElo "2507"]
[WhiteTeam "UKR"]
[BlackTeam "NED"]
[WhiteClock "0:00:34"]
[BlackClock "0:01:12"]
[Variant "Standard"]

1. d4 {[%clk 0:02:59]}  Nf6 {[%clk 0:02:58]} 2. c4 {[%clk 0:02:59]}  c5 {[%clk 0:02:57]} 3. d5 {[%clk 0:02:58]}  g6 {[%clk 0:02:56]} 4. Nc3 {[%clk 0:02:58]}  Bg7 {[%clk 0:02:57]} 5. e4 {[%clk 0:02:58]}  d6 {[%clk 0:02:57]} 6. f4 {[%clk 0:02:49]}  O-O {[%clk 0:02:55]} 7. Nf3 {[%clk 0:02:48]}  e6 {[%clk 0:02:56]} 8. Be2 {[%clk 0:02:47]}  exd5 {[%clk 0:02:55]} 9. exd5 {[%clk 0:02:47]}  Bf5 {[%clk 0:02:51]} 10. O-O {[%clk 0:02:46]}  Ne4 {[%clk 0:02:50]} 11. Nxe4 {[%clk 0:02:36]}  Bxe4 {[%clk 0:02:51]} 12. Re1 {[%clk 0:02:36]}  Qb6 {[%clk 0:02:45]} 13. Bf1 {[%clk 0:02:24]}  Bxf3 {[%clk 0:02:39]} 14. Qxf3 {[%clk 0:02:25]}  Nd7 {[%clk 0:02:39]} 15. Re7 {[%clk 0:02:21]}  Nf6 {[%clk 0:02:35]} 16. Qb3 {[%clk 0:02:16]}  Rfe8 {[%clk 0:02:24]} 17. Qxb6 {[%clk 0:02:16]}  axb6 {[%clk 0:02:24]} 18. Rxb7 {[%clk 0:02:16]}  Re1 {[%clk 0:02:19]} 19. Kf2 {[%clk 0:01:58]}  Rae8 {[%clk 0:02:18]} 20. Rxb6 {[%clk 0:01:58]}  Nh5 {[%clk 0:01:59]} 21. Bd3 {[%clk 0:01:40]}  Bd4+ {[%clk 0:01:57]} 22. Kf3 {[%clk 0:01:38]}  Rh1 {[%clk 0:01:23]} 23. g4 {[%clk 0:01:20]}  Nf6 {[%clk 0:01:20]} 24. Rxd6 {[%clk 0:01:12]}  Ree1 {[%clk 0:01:19]} 25. Be3 {[%clk 0:01:07]}  Rxe3+ {[%clk 0:01:18]} 26. Kg2 {[%clk 0:01:06]}  Rxa1 {[%clk 0:01:17]} 27. b4 {[%clk 0:00:34]}  Rxd3 {[%clk 0:01:12]} 0-1

[Event "April 9 Early 2024"]
[Site "Chess.com"]
[Date "2024.04.09"]
[Round "2"]
[White "Stojanova, Ganeta"]
[Black "Dahlgren, James Allen"]
[Result "1-0"]
[Board "254"]
[WhiteFideId "2902184"]
[BlackFideId "22256873"]
[WhiteElo "2504"]
[BlackElo "2226"]
[WhiteTeam "BUL"]
[BlackTeam "ESP"]
[WhiteClock "0:01:41"]
[BlackClock "0:00:56"]
[Variant "Standard"]

1. d4 {[%clk 0:02:59]}  e6 {[%clk 0:03:00]} 2. Nf3 {[%clk 0:02:54]}  c5 {[%clk 0:03:01]} 3. g3 {[%clk 0:02:53]}  Nf6 {[%clk 0:03:02]} 4. Bg2 {[%clk 0:02:52]}  d5 {[%clk 0:03:02]} 5. O-O {[%clk 0:02:52]}  Nc6 {[%clk 0:03:03]} 6. c4 {[%clk 0:02:51]}  Be7 {[%clk 0:03:02]} 7. cxd5 {[%clk 0:02:51]}  exd5 {[%clk 0:03:03]} 8. Nc3 {[%clk 0:02:50]}  O-O {[%clk 0:03:03]} 9. dxc5 {[%clk 0:02:51]}  Bxc5 {[%clk 0:03:03]} 10. Bg5 {[%clk 0:02:43]}  Be6 {[%clk 0:03:03]} 11. Rc1 {[%clk 0:02:37]}  Be7 {[%clk 0:03:04]} 12. Nd4 {[%clk 0:02:33]}  Qd7 {[%clk 0:03:03]} 13. Ncb5 {[%clk 0:02:30]}  Rad8 {[%clk 0:02:59]} 14. a3 {[%clk 0:02:25]}  h6 {[%clk 0:02:58]} 15. Be3 {[%clk 0:02:23]}  a6 {[%clk 0:02:58]} 16. Nxc6 {[%clk 0:02:20]}  bxc6 {[%clk 0:02:59]} 17. Nd4 {[%clk 0:02:20]}  Rc8 {[%clk 0:02:51]} 18. Qa4 {[%clk 0:02:15]}  Bh3 {[%clk 0:02:35]} 19. Nxc6 {[%clk 0:02:11]}  Bxg2 {[%clk 0:02:33]} 20. Nxe7+ {[%clk 0:02:06]}  Qxe7 {[%clk 0:02:34]} 21. Kxg2 {[%clk 0:02:06]}  Qe4+ {[%clk 0:02:26]} 22. Qxe4 {[%clk 0:02:05]}  Nxe4 {[%clk 0:02:25]} 23. Rxc8 {[%clk 0:02:04]}  Rxc8 {[%clk 0:02:25]} 24. Rc1 {[%clk 0:02:05]}  Rxc1 {[%clk 0:02:24]} 25. Bxc1 {[%clk 0:02:05]}  f5 {[%clk 0:02:22]} 26. Kf3 {[%clk 0:02:05]}  Kf7 {[%clk 0:02:23]} 27. Ke3 {[%clk 0:02:05]}  Ke6 {[%clk 0:02:22]} 28. f3 {[%clk 0:02:05]}  Nc5 {[%clk 0:02:16]} 29. Bd2 {[%clk 0:02:00]}  g5 {[%clk 0:02:12]} 30. Bc3 {[%clk 0:01:58]}  Na4 {[%clk 0:02:08]} 31. Bg7 {[%clk 0:01:55]}  h5 {[%clk 0:02:08]} 32. Bd4 {[%clk 0:01:53]}  Kd6 {[%clk 0:01:58]} 33. b3 {[%clk 0:01:49]}  Nc5 {[%clk 0:01:57]} 34. Bxc5+ {[%clk 0:01:49]}  Kxc5 {[%clk 0:01:58]} 35. h4 {[%clk 0:01:48]}  d4+ {[%clk 0:01:41]} 36. Kf2 {[%clk 0:01:44]}  gxh4 {[%clk 0:01:23]} 37. gxh4 {[%clk 0:01:45]}  f4 {[%clk 0:01:22]} 38. Ke1 {[%clk 0:01:44]}  a5 {[%clk 0:01:11]} 39. Kd2 {[%clk 0:01:43]}  Kd5 {[%clk 0:01:00]} 40. Kd3 {[%clk 0:01:41]}  Kc5 {[%clk 0:00:59]} 41. Ke4 {[%clk 0:01:41]}  a4 {[%clk 0:00:56]} 42. bxa4 {[%clk 0:01:41]} 1-0

[Event "April 9 Early 2024"]
[Site "Chess.com"]
[Date "2024.04.09"]
[Round "2"]
[White "Saragih, Arif Rahman"]
[Black "Kriti Mayur Patel"]
[Result "1-0"]
[Board "256"]
[WhiteFideId "7128266"]
[BlackFideId "35061780"]
[WhiteTitle "FM"]
[BlackTitle "WCM"]
[WhiteElo "2501"]
[BlackElo "2204"]
[WhiteTeam "INA"]
[BlackTeam "IND"]
[WhiteClock "0:00:31"]
[BlackClock "0:00:17"]
[Variant "Standard"]

1. e4 {[%clk 0:02:59]}  e5 {[%clk 0:02:58]} 2. Nf3 {[%clk 0:02:59]}  Nc6 {[%clk 0:02:59]} 3. d4 {[%clk 0:02:59]}  exd4 {[%clk 0:02:59]} 4. Bc4 {[%clk 0:03:00]}  Nf6 {[%clk 0:02:59]} 5. O-O {[%clk 0:03:00]}  Nxe4 {[%clk 0:02:59]} 6. Re1 {[%clk 0:02:59]}  d5 {[%clk 0:03:00]} 7. Bxd5 {[%clk 0:02:57]}  Qxd5 {[%clk 0:03:01]} 8. Nc3 {[%clk 0:02:58]}  Qa5 {[%clk 0:03:01]} 9. Nxe4 {[%clk 0:02:56]}  Be6 {[%clk 0:03:02]} 10. Bd2 {[%clk 0:02:51]}  Bb4 {[%clk 0:02:59]} 11. Nfg5 {[%clk 0:02:38]}  O-O-O {[%clk 0:02:46]} 12. Nxe6 {[%clk 0:02:36]}  fxe6 {[%clk 0:02:46]} 13. Bxb4 {[%clk 0:02:34]}  Qxb4 {[%clk 0:02:34]} 14. Qg4 {[%clk 0:02:34]}  Kb8 {[%clk 0:02:10]} 15. c3 {[%clk 0:02:18]}  Qe7 {[%clk 0:01:53]} 16. Ng5 {[%clk 0:02:09]}  h5 {[%clk 0:01:45]} 17. Qg3 {[%clk 0:02:02]}  h4 {[%clk 0:01:30]} 18. Qg4 {[%clk 0:02:01]}  Rh6 {[%clk 0:01:26]} 19. Nxe6 {[%clk 0:01:58]}  Re8 {[%clk 0:01:23]} 20. h3 {[%clk 0:01:03]}  Rxe6 {[%clk 0:01:20]} 21. Rxe6 {[%clk 0:01:01]}  Qxe6 {[%clk 0:01:21]} 22. Qxh4 {[%clk 0:00:59]}  d3 {[%clk 0:01:14]} 23. Rd1 {[%clk 0:00:58]}  Qe2 {[%clk 0:01:11]} 24. Qg4 {[%clk 0:00:48]}  Ne5 {[%clk 0:00:52]} 25. Qxg7 {[%clk 0:00:47]}  Qxd1+ {[%clk 0:00:47]} 26. Kh2 {[%clk 0:00:45]}  d2 {[%clk 0:00:40]} 27. Qg5 {[%clk 0:00:33]}  Qe1 {[%clk 0:00:33]} 28. Qh5 {[%clk 0:00:32]}  d1=Q {[%clk 0:00:17]} 29. Qxe8+ {[%clk 0:00:31]} 1-0